Pokémon - Attacken von Bibor in SD/LP - Statistiken

Allgemein
  • Dieses Quiz wurde 9 mal gespielt
  • Das Durchschnittsergebnis liegt bei 14 aus 44
Antwortstatistiken
Antwort % Korrekt
Fadenschuss
100%
Härtner
100%
Giftstachel
86%
Furienschlag
71%
Käferbiss
71%
Aero-Ass
57%
Gifthieb
57%
Gigasauger
57%
Nadelrakete
57%
Doppelteam
43%
Erholung
43%
Hyperstrahl
43%
Kreuzschere
43%
Matschbombe
43%
Zerschneider
43%
Agilität
29%
Ausdauer
29%
Durchbruch
29%
Fassade
29%
Gegenstoß
29%
Gewissheit
29%
Giftspitzen
29%
Kehrtwende
29%
Raub
29%
Schlafrede
29%
Schutzschild
29%
Schwerttanz
29%
Solarstrahl
29%
Sonnentag
29%
Anziehung
14%
Auflockern
14%
Blitz
14%
Gigastoß
14%
Notsituation
14%
Ruheort
14%
Stachelfinale
14%
Zertrümmerer
14%
Zornklinge
14%
Angeberei
0%
Delegator
0%
Energiefokus
0%
Giftschock
0%
Konzentration
0%
Trugschlag
0%
Keine übereinstimmenden Quizze gefunden
Verteilung der Resultate
Anzahl Personen mit jedem Resultat
Perzentil nach korrekt beantworteten Fragen
Ihre Resultats-Entwicklung
Sie haben dieses Quiz noch nicht gespielt